Well placed to deliver? Shaping the pattern of government service: independent review of public sector relocation (Record no. 103587)
[ view plain ]
| 000 -LEADER | |
|---|---|
| fixed length control field | 01509cam a2200277 4500 |
| 008 - FIXED-LENGTH DATA ELEMENTS--GENERAL INFORMATION | |
| fixed length control field | 040520n2004 000 0 eng u |
| 020 ## - INTERNATIONAL STANDARD BOOK NUMBER | |
| International Standard Book Number | 1845320093 |
| 035 ## - SYSTEM CONTROL NUMBER | |
| System control number | (Sirsi) u126245 |
| 041 ## - LANGUAGE CODE | |
| Language code of text/sound track or separate title | eng |
| 050 ## - LIBRARY OF CONGRESS CALL NUMBER | |
| Classification number | 338.6042 |
| -- | 18 |
| 100 ## - MAIN ENTRY--PERSONAL NAME | |
| Personal name | Lyons, Michael Thomas |
| Titles and words associated with a name | Sir |
| Dates associated with a name | 1949- |
| 240 ## - UNIFORM TITLE | |
| Uniform title | Lyons review |
| 245 ## - TITLE STATEMENT | |
| Title | Well placed to deliver? Shaping the pattern of government service: independent review of public sector relocation |
| 260 ## - PUBLICATION, DISTRIBUTION, ETC. | |
| Place of publication, distribution, etc. | London |
| Name of publisher, distributor, etc. | HM Treasury |
| Date of publication, distribution, etc. | 2004 |
| 520 ## - SUMMARY, ETC. | |
| Summary, etc. | The final report of Sir Michael Lyon's independent study into the scope for relocating a substantial number of public sector activities from London and southeast England to other parts of the United Kingdom. Key aims of relocation would be to improve the delivery and efficiency of public services and the regional balance of economic activities. The report recommends that government departments urgently take forward their relocation plans for 20 000 jobs in the 2004 Spending Review and concludes that the pattern of government must be reshaped. View at www.hm-treasury.gov.uk. |
| 650 ## - SUBJECT ADDED ENTRY--TOPICAL TERM | |
| Topical term or geographic name entry element | OFFICE RELOCATION |
| 650 ## - SUBJECT ADDED ENTRY--TOPICAL TERM | |
| Topical term or geographic name entry element | PUBLIC SECTOR |
| 650 ## - SUBJECT ADDED ENTRY--TOPICAL TERM | |
| Topical term or geographic name entry element | CIVIL SERVICE |
| 650 ## - SUBJECT ADDED ENTRY--TOPICAL TERM | |
| Topical term or geographic name entry element | LYONS REVIEW |
| 650 ## - SUBJECT ADDED ENTRY--TOPICAL TERM | |
| Topical term or geographic name entry element | GOVERNMENT DEPARTMENTS |
| 650 ## - SUBJECT ADDED ENTRY--TOPICAL TERM | |
| Topical term or geographic name entry element | GOVERNMENT BUILDINGS |
| 650 ## - SUBJECT ADDED ENTRY--TOPICAL TERM | |
| Topical term or geographic name entry element | RELOCATION |
| 690 ## - LOCAL SUBJECT ADDED ENTRY--TOPICAL TERM (OCLC, RLIN) | |
| Topical term or geographic name as entry element | PROPERTY-COMMERCIAL PROPERTY |
| 856 ## - ELECTRONIC LOCATION AND ACCESS | |
| Uniform Resource Identifier | <a href="https://www.hm-treasury.gov.uk/Consultations_and_Legislation/Lyons/consult_lyons_index.cfm">https://www.hm-treasury.gov.uk/Consultations_and_Legislation/Lyons/consult_lyons_index.cfm</a> |
| Public note | View the report on the HM Treasury website... |
| 942 ## - ADDED ENTRY ELEMENTS (KOHA) | |
| Suppress in OPAC | 0 |
| Withdrawn status | Lost status | Source of classification or shelving scheme | Damaged status | Not for loan | Home library | Current library | Shelving location | Date acquired | Total Checkouts | Full call number | Barcode | Date last seen | Copy number | Price effective from | Koha item type |
|---|---|---|---|---|---|---|---|---|---|---|---|---|---|---|---|
| Dewey Decimal Classification | Virtual | Virtual | Online | 20/05/2004 | ONLINE PUBLICATION | 126245-2001 | 06/08/2019 | 1 | 06/08/2019 | Book |